Estadísticas para Capitales mundiales más cercanas a la ciudad de Kuwait

Haz click aquí para intentar la prueba.

Estadísticas generales

  • Esta prueba ha sido intentada 23 veces
  • La puntuación promedio es 17 de 20

Estadísticas de respuestas

kmcapital% Correcto
557Bagdad
100%
576Doha
100%
772Teherán
100%
1190Jerusalén
95%
534Riad
95%
1607Saná
95%
1189Amán
90%
1809Ankara
90%
1199Damasco
90%
1284Beirut
86%
1619El Cairo
86%
1515Nicosia
86%
838Abu Dhabi
81%
1244Ereván
81%
1402Tiflis
81%
1241Bakú
76%
435Manama
71%
2044Yibuti
67%
1818Asmara
52%
1353Asjabad
43%

Distribución de puntuación

Porcentaje por número respondido

Porcentaje de gente con cada puntuación

Historial de tus puntuaciones

No has intentado esta prueba.